000
00310nam a2200133Ia 4500
003
GCL
008
140319s9999 xx 000 0 ara d
040
_a
GCL /
_c
GCL
082
0
4
_a
411.1
_b
ز ك
245
1
0
_a
كتاب اللامات
260
_a
[S.N] :
_b
دار صادر ،
_c
1992
300
_a
207
490
_a
999
_c
31497
_d
31497